000 00192 a2200097 4500
001 46071
100 _aAkbar
245 _aIndia
260 _aLondon
_bPenguim Books
_c
090 _c29173
_d29173
942 _aNUST-CAE
_cM
_c21306
999 _c281144
_d281144